| 000 | 01225nam a2200277 4500 | ||
|---|---|---|---|
| 005 | 20210219001341.0 | ||
| 008 | 210218s1992 ec a|||fr|||| 001 0 spa d | ||
| 040 |
_aCENDOC CAAAP _bspa _cCAAAP |
||
| 041 | _aspa | ||
| 050 |
_aF 37.26 _bB76 |
||
| 245 | 0 | 0 |
_aReligiones amerindias / _cJuan Bottasso, compilador |
| 250 | _a1ra ed. | ||
| 260 |
_aQuito : _bAbya - Yala, _c1992 |
||
| 300 |
_a259 p.: _bilustraciones, mapas ; _c21 cm |
||
| 490 |
_a500 años después ; _v56 |
||
| 505 | _aContiene : Los Mapuches y su religión -- La religión de los Ayoreo del gran Chaco -- La religión en la cultura guaraní -- Rituales Xavante --Las religiones siona Secoya e Inca -- Religiones tradicionales en la costa atlántica nicaragüense -- Ritos antes y después de la cosecha entre los Aymaras | ||
| 650 | 1 | 0 |
_9189 _aIndios América del Sur _xAspectos religiosos |
| 650 | 2 | 0 |
_9760 _aIndígenas mapuche _zChile |
| 650 | 2 | 0 |
_9815 _aIndígenas ayoreos _xAspectos religiosos |
| 650 | 2 | 0 |
_9900 _aIndígenas guaraní _xAspectos religiosos |
| 650 | 2 | 0 |
_9833 _aIndígenas secoya _xMitología |
| 650 | 2 | 0 |
_9694 _aIncas _xReligión |
| 650 | 2 | 0 |
_9709 _aIndígenas aymara |
| 700 |
_9267 _aBottasso, Juan _ecompilador |
||
| 942 |
_2lcc _b18 - 02 - 21 _cBK |
||
| 999 |
_c421 _d421 |
||